Η συμμετρικοποίηση Steiner και η ισοπεριμετρική ανισότητα : πτυχιακή εργασία

Σε αυτήν την πτυχιακή θα ασχοληθούμε με την Κυρτή Γεωμετρία. Θα μελετήσουμε τις συμμετρικοποιήσεις Steiner, τις εφαρμογές της, όπως είναι το θεώρημα σφαιρικότητας του Gross, και τέλος θα αποδείξουμε την Ισοπεριμετρική ανισότητα....

Πλήρης περιγραφή

Αποθηκεύτηκε σε:
Λεπτομέρειες βιβλιογραφικής εγγραφής
Κύριος συγγραφέας: Τσιγαρίδα, Ελένη
Συγγραφή απο Οργανισμό/Αρχή: Πανεπιστήμιο Αιγαίου. Σχολή Θετικών Επιστημών. Τμήμα Μαθηματικών
Μορφή: Thesis Βιβλίο
Γλώσσα:Greek
Δημοσίευση: 2013.
Θέματα:
Διαθέσιμο Online:http://hdl.handle.net/11610/8045
Ετικέτες: Προσθήκη ετικέτας
Δεν υπάρχουν, Καταχωρήστε ετικέτα πρώτοι!

MARC

LEADER 00000cam a2200000 i 4500
001 1/33263
008 130724s2013 gr | ||| |||| ||gre||
035 |l 10115060 
040 |a GR-MyUA  |b gre  |e AACR2 
041 0 |a gre 
082 0 |a 516.374   |2 (22) 
100 1 |a Τσιγαρίδα, Ελένη. 
245 1 2 |a Η συμμετρικοποίηση Steiner και η ισοπεριμετρική ανισότητα :   |b πτυχιακή εργασία /   |c Ελένη Τσιγαρίδα ; επιβλέπων καθηγητής Αντώνιος Τσολομύτης.  
260 |c 2013.  
300 |a viii, 62 σ. ;   |c 30 εκ.  
500 |a Μέλη της εξεταστικής επιτροπής: Αντώνιος Τσολομύτης, Ευστράτιος Πρασίδης, Ευάγγελος Φελουζής.  
502 |a Πτυχιακή εργασία – Πανεπιστήμιο Αιγαίου, Σάμος, 2013.  
506 0 |a Διάθεση πλήρους κειμένου - Ελεύθερη πρόσβαση.  
520 |a Σε αυτήν την πτυχιακή θα ασχοληθούμε με την Κυρτή Γεωμετρία. Θα μελετήσουμε τις συμμετρικοποιήσεις Steiner, τις εφαρμογές της, όπως είναι το θεώρημα σφαιρικότητας του Gross, και τέλος θα αποδείξουμε την Ισοπεριμετρική ανισότητα.  
540 |a Κλειδωμένη η δυνατότητα αντιγραφής (copy) του κειμένου.  
610 2 0 |a University of the Aegean  |x Dissertations. 
650 0 0 |a Convex bodies. 
650 0 0 |a Minkowski geometry. 
650 0 0 |a Isoperimetric inequalities. 
650 0 0 |a Dissertations, Academic  |z Greece. 
700 1 |a Τσολομύτης, Αντώνης,  |e dgs 
710 2 |a Πανεπιστήμιο Αιγαίου.   |b Σχολή Θετικών Επιστημών.   |b Τμήμα Μαθηματικών. 
852 |a INST  |b SAMOS  |c DIATR  |e 20130724  |h 516.374 ΤΣΙ  |p 005300040374  |q 005300040374  |t DIE  |y 23 
852 |a INST  |b SAMOS  |c DIATR  |e 20130724  |h 516.374 ΤΣΙ  |p 005300040375  |q 005300040375  |t DIE  |y 23 
856 |u http://hdl.handle.net/11610/8045 
901 |a BIBL3-2013-2 
909 |a Σ  |b 178609 
909 |a Σ  |b 178610 
924 |a ΤΣΙΓΑΡΙΔΑ  |b ΕΛΕΝΗ  |y Σάμος  |z 2013-06 
970 |a ΚΟΣΙΕΡΗΣ  |b ΧΡΗΣΤΟΣ  |z 2013/07/24